000 00788cab a2200253 4500
001 X1899
008 090401t1995 xxu||||| |||| 00| 0 eng d
035 _a(Sirsi) u20247
041 _aeng
245 _aArbuthnot & others v Fagan & Feltrim Underwriting Agencies Ltd v others
260 _c1995
350 _a0
490 _aConstruction Industry Law Letter
_v1995 CILL 998-999(2)
520 _aHL 25 July 1994. Concurrent liability; extent of Hedley Byrne and Heller; implications of contractual terms.
650 _aCONCURRENT LIABILITY
650 _aCONTRACTUAL TERMS
650 _aHEDLEY BYRNE V HELLER
650 _aLAW OF CONTRACT
650 _aLLOYDS NAMES
650 _aTORTS
690 _aBUILDING AND CONSTRUCTION-CASE LAW
942 _n0
948 _c04/03/1997
999 _c13566
_d13566